Представление документа в формате RUSMARC

ПолеНазваниеЗначение
  Тип записи a
  Библиографический уровень a
001 Контрольный номер RU/CBS_Ul/BASE/447413404
005 Дата корректировки 20260423103838.6
100 Данные общей обработки __
a Данные общей обработки 20140306d2014 ||| 0rusy0189 ca
101 Язык документа 0_
a Язык текста rus
102 Страна публикации __
a Страна публикации RU
105 Кодированные данные (монография) __
a Кодированные данные (монография) y###||||000|y
200 Заглавие и сведения об ответственности 1_
a Заглавие Добровольно обязательно
e Сведения, относящиеся к заглавию [для медстрахования мигрантов появится единый полис]
f Первые сведения об ответственности Ю. Кривошапко
300 Общие примечания __
a Общие примечания Ограничения по возрасту 16 +
461 Уровень набора _0
1 2000
a Российская газета
463 Уровень физической единицы _0
1 001RU/CBS_Ul/BASE/447412752
1 2000
a №45 (26 февраля)
v С. 4
1 210
d 2014
610 Ключевые слова 0_
a Ключевые слова медицинское страхование; мигранты; медицинский полис
686 Индексы других классификаций __
a Классификационный индекс 67.401.213
2 Код системы ББК
700 Автор _1
a Фамилия Кривошапко
b Имя (инициалы) Ю.
801 Источник записи _0
a Страна RU
b Организация МБУК ЦБС г. Ульяновска
c Дата составления 20140306
g Правила каталогизации RCR
801 Источник записи _1
a Страна RU
b Организация МБУК ЦБС г. Ульяновска
c Дата составления 20140306
g Правила каталогизации RCR
901 Тип документа __
t Тип документа f
w Контрольный № источника RU/CBS_Ul/BASE/447412752
910 Корректоры записи __
a Корректор записи Ильина
938 Служебная информация __
a Имя БД period